000
00336nam a22001457a 4500
008
210519b ||||| |||| 00| 0 eng d
020
_a
9780534914806
041
_a
eng
080
_a
004
082
_a
004
100
_a
28
101
_a
SHKI
245
_a
Structured Programming in Assembly Language
_c
Runnion,W.C
942
_2
udc
_c
BK
999
_c
57459
_d
57459